|
|
|
|
| LEADER |
00000ntm a22000007u 4500 |
| 001 |
zp4042 |
| 041 |
|
|
|a cze
|
| 100 |
1 |
|
|a Plouharová, Petra
|4 dis
|
| 245 |
1 |
0 |
|a Vývoj vybraných aspektů klinických rodin a jejich srovnání v posledních desetiletech
|
| 246 |
|
|
|a The progress of selected aspects of clinical families and their comparison in last 10 years
|
| 260 |
|
|
|c 2006
|
| 300 |
|
|
|a 60 s., 2 s příloh
|
| 500 |
|
|
|a Studijní obor: Sociální pedagogika
|
| 500 |
|
|
|a Studijní obor: Social pedagogy
|
| 500 |
|
|
|a Ústav: Ústav pedagogických věd
|
| 500 |
|
|
|a Univerzita Tomáše Bati ve Zlíně. Univerzitní institut
|
| 506 |
|
|
|a Pouze v rámci univerzity
|
| 653 |
|
|
|a krize
|
| 653 |
|
|
|a rodina
|
| 653 |
|
|
|a rodinná krize
|
| 653 |
|
|
|a alkoholismus
|
| 653 |
|
|
|a gamblerství
|
| 653 |
|
|
|a nezaměstnanost
|
| 653 |
|
|
|a crisis
|
| 653 |
|
|
|a family
|
| 653 |
|
|
|a alcoholism
|
| 653 |
|
|
|a gambling
|
| 653 |
|
|
|a unempoloyment
|
| 653 |
|
|
|a family crisis
|
| 655 |
|
4 |
|a bakalářská práce
|
| 700 |
1 |
|
|a Hrbáčková, Karla
|4 ths
|
| 710 |
2 |
|
|a Univerzita Tomáše Bati ve Zlíně. Univerzitní institut
|4 dgg
|
| 710 |
2 |
|
|4 dgg
|
| 856 |
4 |
0 |
|u http://hdl.handle.net/10563/1879
|y Plný text v Digitální knihovně UTB
|